Theories of culture (Record no. 1224651)

MARC details
000 -LEADER
fixed length control field 00590nam a2200217Ia 4500
005 - DATE AND TIME OF LATEST TRANSACTION
control field 20241129104143.0
008 - FIXED-LENGTH DATA ELEMENTS--GENERAL INFORMATION
fixed length control field 241129s9999||||xx |||||||||||||| ||und||
020 ## - INTERNATIONAL STANDARD BOOK NUMBER
International Standard Book Number 9781138668669
037 ## - SOURCE OF ACQUISITION
Stock number Annuals Advances
040 ## - CATALOGING SOURCE
Original cataloging agency RTL
Language of cataloging eng
Transcribing agency RTL
041 ## - LANGUAGE CODE
Language code of text/sound track or separate title eng
Source of code eng
084 ## - COLON CLASSIFICATION NUMBER
Classification number Y:1 R0
Assigning agency RTL
100 ## - MAIN ENTRY--PERSONAL NAME
Personal name Groh Arnold
9 (RLIN) 725012
245 #0 - TITLE STATEMENT
Title Theories of culture
Statement of responsibility, etc. Groh Arnold
260 ## - PUBLICATION, DISTRIBUTION, ETC.
Place of publication, distribution, etc. New York
Name of publisher, distributor, etc. Routledge
Date of publication, distribution, etc. 2020
300 ## - PHYSICAL DESCRIPTION
Extent vi,335p.
365 ## - TRADE PRICE
Price type code INR
Price amount 3748.93
650 ## - SUBJECT ADDED ENTRY--TOPICAL TERM
Topical term or geographic name entry element Cultural Theory
9 (RLIN) 725013
942 ## - ADDED ENTRY ELEMENTS (KOHA)
Koha item type Textbook
Classification part Y:1 R0
Holdings
Withdrawn status Lost status Damaged status Not for loan Home library Current library Date acquired Source of acquisition Cost, normal purchase price Inventory number Total Checkouts Full call number Barcode Date last seen Price effective from Koha item type
        Ratan Tata Library Ratan Tata Library 2024-11-29 Shivam Book Service 3748.93 209 & 09/02/2023   Y:1 R0 RT1502587 2024-11-29 2024-11-29 Textbook
Copyright @ Delhi University Library System